01854nam a2200241Ia 4500001000600000003000900006008004100015040001300056040001300069041001300082100002300095100002900118245008100147245008100228250001100309260001100320260001500331260004900346300005600395500110500451650002501556650003101581H2837IT-RoPAU130308s9999 xx 000 0 und d aIT-RoPAU cIT-RoPAU aITALIANO aPellicelli Giorgio gCodice Aut. SPICS: 50792 aMarketing internazionale (Il): mercati globali e nuove strategie competitive bMarketing internazionale (Il): mercati globali e nuove strategie Competitive a3a ed. aMILANO bEtas Libri c2002 [1° Ed.:1983 - Ed.Ling.Originale:1983] a"560 p. (prefazione: 18; testo: 542 [pagine: 0-0])" a"Terza Edizione Aggiornata e Ampliata. Ricerca dei mercati Potenziali: scenario dell'Economia internazionale Oltre Il 2000; Struttura e Andamento Dello Scambio Mondiale; Come si Fa L'Analisi di un mercato Estero. strategie competitive Nei mercati Esteri: I Fattori di successo del Marketing Internazionale, Analisi dei Punti di forza e di Debolezza; scelta delle strategie competitive Nei mercati Esteri; Verso la Globalizzazione: Il Caso Europa; segmentazione di Mercato; Posizionamento Nei mercati Internazionali. gestione del Marketing Internazionale: strategie di Prodotto: Strategia Alfa, Stessoprodotto per mercati Nuovi; Strategia Beta, prodotto Adattato Ai Nuovi Mercati; Strategia Gamma, un prodotto Globale; Strategia Delta, un prodotto Sumisura; Politica dei Prezzi; scelta dei canali di Entrata Nei mercati Esteri; scelta dei canali di Distribuzione Nei mercati Esteri; Grande Distribuzione al Dettaglio Verca I Confini Nazionali: Cross Border Retailing; forme di promozione Nei mercati Esteri; mercato Unico Europeo; Est Europeo; gestione del Marketing mix Nei paesi in via di Sviluppo." aTEORIA DEL MARKETING eCodice materia Spics: 6455